00363nam a2200133Ia 450000500170000000800410001702000150005808200130007310000190008624500310010526000390013630000130017550000410018820250529014830.0240331s9999 xx 000 0 und d a9555531889 bAMAa304 aAmarasekara, D 0aSri Lankawe samaja prashna aVarakapolabAryan Publishersc2001 a133 p ., aA book on Social issues in Sri Lanka